01084nam a22002897a 4500999001700000005001700017008004100034020001800075040002700093041000800120044000700128082001800135100003400153245008000187260004700267300005800314650002700372650003300399650001700432650003700449650002900486650003200515700004700547700004300594942001500637952014200652 c20066d2006620180104105754.0180104b 2016C ||||| |||| 00| 0 spa d a9789584681379 aCO-BoIAVH cCO-BoIAVH  aspa ack a599.276bV85p1 aVivas Serna, Carolinaeautora10aPautas para el manejo de crías de Zarigüeya en estado de indefención  aBogotá:bFundación Zarigüeya,c2016. a86. páginasbfotografías blanco y negroc20 x19cm14aZarigüeyasxHistoria14aZarigüeyasxConservación14aZarigüeyas14aZarigüeyasximportancia social14aZarigüeyasxEcología14aZarigüeyasxDescripción aFlórez Oliveros, Francisco Javiereautor aCastrillon Gallego, Juan Felipeeautor 2ddccLIBRO 00102ddc40708GENERALaBogotabBogotad2018-01-04l0oLB-599.276 V85pp043459r2018-01-04 00:00:00tEj. 1w2018-01-04xDonacionyLIBRO